England National Football Team Players: S - Statistics

General Stats
  • This quiz has been taken 11 times
  • The average score is 29 of 129
Answer Stats
Caps Goals First Cap Last Cap Player % Correct
48 14 2020 2025 Bukayo Saka
78%
87 3 2014 2025 John Stones
78%
9 2 1995 1996 Steve Stone
78%
63 30 1992 2000 Alan Shearer
67%
75 0 1988 2002 David Seaman
67%
5 0 1958 1962 Graham Shaw
67%
34 3 2014 2024 Luke Shaw
67%
66 14 1997 2004 Paul Scholes
67%
51 11 1993 2002 Teddy Sheringham
67%
19 1 2001 2007 Alan Smith
56%
13 2 1988 1992 Alan Smith
56%
15 13 1960 1963 Bobby Smith
56%
2 0 1914 1914 Danny Shea
56%
57 2 1995 2004 Gareth Southgate
56%
1 0 1932 1932 George Shaw
56%
20 11 1893 1901 Gilbert Smith
56%
125 0 1970 1990 Peter Shilton
56%
82 20 2012 2022 Raheem Sterling
56%
1 0 1971 1971 Tommy Smith
56%
3 0 1891 1893 Albert Smith
44%
1 0 1872 1872 Arnold Smith
44%
2 0 1921 1922 Bert Smith
44%
3 0 1922 1928 Billy Smith
44%
1 0 1876 1876 Charles Smith
44%
3 0 2025 2025 Djed Spence
44%
46 0 1985 1992 Gary Stevens
44%
7 0 1984 1986 Gary Stevens
44%
4 0 1905 1906 Herbert Smith
44%
3 4 1931 1931 Jack Smith
44%
5 1 1913 1920 Joe Smith
44%
2 0 1919 1922 Joe Smith
44%
86 1 1979 1988 Kenny Sansom
44%
1 0 1939 1939 Lee Smith
44%
6 0 1950 1953 Lionel Smith
44%
2 2 1938 1938 Reg Smith
44%
1 0 1935 1935 Sep Smith
44%
1 1 1895 1895 Steve Smith
44%
2 0 1959 1959 Trevor Smith
44%
36 4 1985 1992 Trevor Steven
44%
1 0 1980 1980 Alan Sunderland
33%
31 1 2011 2017 Chris Smalling
33%
1 0 1997 1997 Chris Sutton
33%
4 0 1967 1970 David Sadler
33%
2 0 1936 1936 Dick Spence
33%
1 0 1970 1970 Ian Storey-Moore
33%
2 1 1926 1926 Joe Spence
33%
17 0 1946 1948 Laurie Scott
33%
19 0 1971 1973 Peter Storey
33%
1 0 1936 1936 Billy Scott
22%
3 0 1983 1983 Derek Statham
22%
1 0 1888 1888 Frank Saunders
22%
23 3 2018 2021 Jadon Sancho
22%
1 0 1887 1887 Jimmy Sayer
22%
8 1 1911 1914 Jock Simpson
22%
8 0 1991 1993 Lee Sharpe
22%
28 1 1965 1970 Nobby Stiles
22%
3 0 1991 1992 Paul Stewart
22%
19 0 1960 1962 Peter Swan
22%
1 0 2012 2012 Ryan Shawcross
22%
20 0 1930 1933 Alfred Strange
11%
12 0 1991 1993 Andy Sinton
11%
1 0 1984 1984 Brian Stein
11%
2 0 1924 1925 Charlie Spencer
11%
26 8 2011 2017 Daniel Sturridge
11%
3 0 2017 2024 Dominic Solanke
11%
3 1 2021 2022 Emile Smth-Rowe
11%
1 0 1921 1921 Ernie Simms
11%
19 0 1946 1949 Frank Swift
11%
6 8 1936 1937 Freddie Steele
11%
6 0 1897 1905 Howard Spencer
11%
6 3 1951 1954 Jackie Sewell
11%
2 1 1903 1905 Jack Sharp
11%
3 2 1907 1911 James Stewart
11%
5 1 1921 1925 Jimmy Seed
11%
5 0 1991 1991 John Salako
11%
5 0 1893 1903 John Sutcliffe
11%
6 0 2012 2015 Jonjo Shelvey
11%
2 0 2007 2007 Nicky Shorey
11%
1 0 1924 1924 Ronnie Sewell
11%
33 0 1959 1966 Ron Springett
11%
3 0 1999 1999 Tim Sherwood
11%
12 0 2001 2003 Trevor Sinclair
11%
6 0 1880 1883 Albemarle Swepstone
0%
2 2 1906 1911 Albert Shepard
0%
2 0 1911 1914 Albert Sturgess
0%
1 0 1968 1968 Alex Stepney
0%
1 0 1874 1874 Alfred Stratford
0%
6 1 1889 1892 Alf Shelton
0%
1 0 1900 1900 Alf Spouncer
0%
1 0 1876 1876 Arthur Savage
0%
3 5 1885 1886 Benjamin Spilsbury
0%
1 0 1949 1949 Bernard Streten
0%
11 0 1936 1938 Bert Sproston
0%
12 9 1954 1960 Bill Slater
0%
2 1 1900 1902 Charlie Sagar
0%
1 0 1888 1888 Charlie Shelton
0%
1 0 1924 1924 Clem Stephenson
0%
1 0 1949 1949 Eddie Shimwell
0%
2 0 1938 1938 Eric Stephenson
0%
1 0 1913 1913 Ernald Scattergood
0%
3 3 1879 1880 Francis Sparks
0%
7 7 1893 1898 Fred Spiksley
0%
1 0 1886 1886 George Shutt
0%
3 2 1928 1931 George Stephenson
0%
2 1 1924 1927 Harry Storer
0%
1 0 1895 1895 Hugh Stanbrough
0%
3 0 1921 1923 Jack Silcock
0%
3 3 1889 1892 Jack Southworth
0%
6 0 1923 1929 Jimmy Seddon
0%
6 6 1899 1903 Jimmy Settle
0%
3 0 1892 1895 Joe Schofield
0%
1 0 1880 1880 John Sands
0%
3 0 1995 1995 John Scales
0%
1 0 1963 1963 Ken Shellito
0%
5 1 1948 1954 Len Shackleton
0%
3 0 1932 1934 Lewis Stoker
0%
1 0 1988 1988 Mel Sterland
0%
8 1 1968 1973 Mike Summberbee
0%
1 0 1983 1983 Nigel Spink
0%
3 0 1955 1955 Peter Sillett
0%
3 0 1886 1886 Ralph Squire
0%
2 0 1933 1937 Ronnie Starling
0%
8 0 1954 1954 Ron Staniforth
0%
5 3 1892 1896 Rupert Sandilands
0%
1 0 1932 1932 Teddy Sandford
0%
4 0 1935 1936 Ted Sagar
0%
1 1 1879 1879 Thomas Sorby
0%
5 0 1921 1929 Tommy Smart
0%
1 0 1936 1936 Tom Smalley
0%
No matching quizzes found
Score Distribution
Percent of People with Each Score
Percentile by Number Answered
Your Score History
You have not taken this quiz